| 000 | 00961nac a22003130a 4500 | ||
|---|---|---|---|
| 001 | PT15131 | ||
| 003 | AR-LpoUNG | ||
| 005 | 20210201005020.0 | ||
| 008 | 201001s1997||||ag |||||||||||||||||spa d | ||
| 020 |
_a8439559852 _c$9.14 |
||
| 040 |
_aAR-LpoUNG _bspa _eaacr |
||
| 041 | _aspa | ||
| 044 | _aag | ||
| 082 | 0 | _aR030 712v1 | |
| 245 | 1 | 0 |
_aDiccionario en imágenes : _bespañol, inglés, portugués con transcripción fonética |
| 260 |
_aBuenos Aires : _bPlaneta DeAgostini - La Nación, _c1997. |
||
| 300 |
_a432 p. : _bil. _a(2 _fVolúmenes) _3Impreso |
||
| 490 | 0 | _aDiccionario de imágenes | |
| 650 | 4 | _aDOCUMENTOS PRIMARIOS | |
| 650 | 4 | _aMATERIAL DE REFERENCIA | |
| 650 | 4 | _aTERMINOLOGIA | |
| 651 | 4 | _aDOCUMENTOS TEORICOS O METODOLOGICOS | |
| 653 | _aDICCIONARIOS BILINGÜES | ||
| 653 | _aDICCIONARIOS DE INGLES | ||
| 653 | _aDICCIONARIOS DE PORTUGUES | ||
| 710 | 2 | _aPlaneta De Agostini (Barcelona) | |
| 905 | _a15131 | ||
| 942 | _cLSALA | ||
| 999 |
_c48170 _d48170 |
||